[Event "FICGS rapid A 000105 email"]
[Site "FICGS email"]
[Date "2011.05.25"]
[Round "1"]
[White "Ponce, Trond Magne"]
[Black "Hoe, Yu Ming"]
[Result "1/2-1/2"]
[WhiteElo "2000"]
[BlackElo "2032"]
[PlyCount "67"]
[EventDate "2011.??.??"]
[EventType "tourn (rapid)"]
[EventRounds "6"]
[SourceTitle "Corr 2013"]
[Source "ChessBase"]
[SourceDate "2012.11.12"]
[SourceVersion "1"]
[SourceVersionDate "2012.11.12"]
[SourceQuality "1"]

1. e4 c5 2. c3 Nf6 3. e5 Nd5 4. Nf3 Nc6 5. d4 cxd4 6. cxd4 d6 7. Bc4 Nb6 8. Bb5 dxe5 9. Nxe5 Bd7 10. Nxd7 Qxd7 11. Nc3 e6 12. 0-0 Be7 13. Qg4 0-0 14. Bxc6 bxc6 15. Bh6 Bf6 16. Rfd1 Rfd8 17. Ne4 Qe7 18. Rac1 Rac8 19. a3 Rd5 20. Be3 g6 21. Nxf6+ Qxf6 22. Rc2 Rb5 23. Qe2 Nd5 24. b4 Qd8 25. Bd2 Qd7 26. Rdc1 Ne7 27. Rc5 Rxc5 28. dxc5 f6 29. a4 Rb8 30. b5 cxb5 31. axb5 Rxb5 32. c6 Qd5 33. c7 Rb2 34. c8Q+ 1/2-1/2

[Event "FICGS rapid A 000105 email"]
[Site "FICGS email"]
[Date "2011.05.25"]
[Round "1"]
[White "Wolf, Bernd"]
[Black "Ponce, Trond Magne"]
[Result "1-0"]
[WhiteElo "1966"]
[BlackElo "2000"]
[PlyCount "89"]
[EventDate "2011.??.??"]
[EventType "tourn (rapid)"]
[EventRounds "6"]
[SourceTitle "Corr 2013"]
[Source "ChessBase"]
[SourceDate "2012.11.12"]
[SourceVersion "1"]
[SourceVersionDate "2012.11.12"]
[SourceQuality "1"]

1. d4 Nf6 2. c4 e6 3. Nf3 Bb4+ 4. Bd2 Qe7 5. g3 Nc6 6. Nc3 0-0 7. Bg2 Na5 8. b3 b6 9. 0-0 Bb7 10. Qc2 d5 11. cxd5 exd5 12. Rfe1 Rad8 13. Ne5 c5 14. e3 c4 15. Rec1 Nd7 16. Nxd7 Qxd7 17. Qb2 Rc8 18. Be1 Rfe8 19. Ne2 Bxe1 20. Rxe1 Nc6 21. bxc4 dxc4 22. Nc3 Nd8 23. d5 f6 24. f4 Qe7 25. a4 Nf7 26. e4 Rb8 27. Rac1 Ba6 28. Qf2 Qa3 29. Rc2 Qd6 30. Bh3 Bc8 31. Nb5 Qb4 32. Bf1 Qxa4 33. Rb1 a6 34. Ra2 Qxa2 35. Qxa2 axb5 36. Rxb5 Nd6 37. Rb4 b5 38. e5 fxe5 39. Qa7 Rb7 40. Qc5 Rd7 41. Bh3 Rdd8 42. Bxc8 Nxc8 43. Rxb5 exf4 44. gxf4 Nd6 45. Rb6 1-0